000 00440nam a22001697a 4500
005 20260331124338.0
008 260331b |||||||| |||| 00| 0 eng d
020 _a978-93-48286-90-1
041 _aeng
082 _a363.25 JAN-F
100 _aJANDU, UPINDER SINGH AND JAND, DR. SARITA
_98914
245 _aFORENSIC SCIENCE AND LAW
260 _aFARIDABAD
_bNEW ERA LAW PUBLICATION
300 _a677;P
650 _aLAW
942 _cBK
999 _c9110
_d9108